[Event "Titled Tuesday intern op 18th Mar Late"]
[Site "Chess.com INT"]
[Date "2025.03.18"]
[Round "1"]
[White "Bacrot, Etienne"]
[Black "Yin, Evan"]
[Result "1-0"]
[WhiteElo "2637"]
[BlackElo "2119"]
[PlyCount "59"]
[EventDate "2025.03.18"]
[EventType "swiss (blitz)"]
[EventRounds "11"]
[EventCountry "USA"]
[SourceTitle "CB13_2025"]
[SourceDate "2025.03.26"]
[SourceVersion "1"]
[SourceVersionDate "2025.03.26"]
[SourceQuality "1"]

1. e4 e5 2. Nf3 Nc6 3. Bc4 Nf6 4. d3 Bc5 5. Nc3 d6 6. a3 a6 7. Bg5 h6 8. Bh4 g5 9. Bg3 Qe7 10. h4 g4 11. Nd2 Be6 12. h5 0-0-0 13. Bh4 Kb8 14. Bd5 Nd4 15. b4 Bb6 16. Nc4 Ba7 17. Ne3 c6 18. Ba2 Ka8 19. a4 Bb6 20. Nc4 Bxc4 21. Bxc4 d5 22. exd5 Qxb4 23. Qd2 cxd5 24. Rb1 Qa5 25. Bxf6 dxc4 26. Bxh8 Rxh8 27. Ne4 Nxc2+ 28. Kd1 Qxa4 29. Qxc2 Qc6 30. Qxc4 1-0

[Event "Abu Dhabi Masters Online"]
[Site "Chess.com INT"]
[Date "2024.08.21"]
[Round "6"]
[White "De Winter, Arthur"]
[Black "Yin, Evan"]
[Result "0-1"]
[WhiteElo "2411"]
[BlackElo "2072"]
[PlyCount "74"]
[EventDate "2024.08.21"]
[EventType "swiss (blitz)"]
[EventRounds "11"]
[EventCountry "UAE"]
[SourceTitle "CBM 221 Extra"]
[Source "ChessBase"]
[SourceDate "2024.09.30"]
[SourceVersion "1"]
[SourceVersionDate "2024.09.30"]
[SourceQuality "1"]

1. e4 e5 2. Nf3 Nc6 3. Bb5 a6 4. Ba4 Nf6 5. d3 b5 6. Bb3 Be7 7. a4 b4 8. 0-0 0-0 9. a5 d6 10. h3 h6 11. c3 Rb8 12. Be3 bxc3 13. bxc3 Be6 14. Bxe6 fxe6 15. Nbd2 d5 16. Qa4 Qd6 17. Rab1 Rbd8 18. Nb3 Qd7 19. Nc5 Bxc5 20. Bxc5 Rf7 21. Rfd1 d4 22. Qc4 Nh5 23. cxd4 exd4 24. Nh2 Nf4 25. Re1 Ne5 26. Qxa6 Nexd3 27. Ba3 Nxe1 28. Rxe1 d3 29. Ng4 Qd4 30. Qb5 Ne2+ 31. Rxe2 dxe2 32. Qxe2 Qd1+ 33. Qxd1 Rxd1+ 34. Kh2 Ra1 35. Bb4 h5 36. Ne5 Rxf2 37. Nd7 Raa2 0-1

[Event "Titled Tuesday intern op 23rd Jul Early"]
[Site "Chess.com INT"]
[Date "2024.07.23"]
[Round "5"]
[White "Tharushi, THD Niklesha"]
[Black "Yin, Evan"]
[Result "1-0"]
[WhiteElo "1810"]
[BlackElo "2072"]
[PlyCount "37"]
[EventDate "2024.07.23"]
[EventType "swiss (blitz)"]
[EventRounds "11"]
[EventCountry "USA"]
[SourceTitle "EXT 2025"]
[Source "ChessBase"]
[SourceDate "2024.10.14"]
[SourceVersion "1"]
[SourceVersionDate "2024.10.14"]
[SourceQuality "1"]

1. e4 e5 2. Nf3 Nc6 3. Bb5 a6 4. Ba4 Nf6 5. Nc3 b5 6. Bb3 Be7 7. 0-0 d6 8. a3 0-0 9. d3 Bg4 10. Be3 Kh8 11. h3 Bh5 12. Nd5 Nd4 13. Bxd4 exd4 14. g4 Nxg4 15. hxg4 Bxg4 16. Kg2 f5 17. Rh1 h6 18. Qd2 c5 19. Rxh6+ 1-0

[Event "Titled Tuesday intern op 16th Jul Late"]
[Site "Chess.com INT"]
[Date "2024.07.16"]
[Round "2"]
[White "Floresvillar Gonzalez, Luis Miguel"]
[Black "Yin, Evan"]
[Result "0-1"]
[WhiteElo "2021"]
[BlackElo "2072"]
[PlyCount "134"]
[EventDate "2024.07.16"]
[EventType "swiss (blitz)"]
[EventRounds "11"]
[EventCountry "USA"]
[SourceTitle "EXT 2025"]
[Source "ChessBase"]
[SourceDate "2024.10.14"]
[SourceVersion "1"]
[SourceVersionDate "2024.10.14"]
[SourceQuality "1"]

1. d4 d5 2. c3 Nf6 3. Bg5 e6 4. e3 c5 5. Bd3 Nc6 6. Nd2 e5 7. dxe5 Nxe5 8. Bb5+ Bd7 9. Bxd7+ Nexd7 10. Ngf3 Bd6 11. 0-0 0-0 12. Re1 h6 13. Bh4 Qc7 14. Qc2 Rfe8 15. Rad1 Ne4 16. c4 Nxd2 17. Qxd2 Nb6 18. cxd5 Rad8 19. e4 Nc4 20. Qc2 b5 21. Bg3 Bxg3 22. hxg3 g6 23. b3 Nd6 24. Rc1 Rc8 25. e5 Nf5 26. d6 Qd7 27. g4 Ng7 28. Qe4 Ne6 29. a4 a6 30. axb5 axb5 31. g3 Rc6 32. Kg2 Rec8 33. Qe3 Kg7 34. g5 h5 35. Nd2 c4 36. bxc4 bxc4 37. Ne4 Qb7 38. Kh2 Qb5 39. Nf6 Nc5 40. Rc3 Nd3 41. Rf1 Qxe5 42. Qxe5 Nxe5 43. f4 Nd3 44. d7 Rd8 45. Rf3 Ne1 46. Rfe3 Nd3 47. Re8 Rxd7 48. Nxd7 Rc7 49. Ne5 Nb2 50. Ra8 Nd1 51. Rc2 Rb7 52. Nxc4 Rb3 53. Kh3 Nc3 54. Kh2 Ne4 55. Ne5 Nxg3 56. Rg2 Nf5 57. Ra1 Rb4 58. Ra7 Nd6 59. Rd7 Rd4 60. Rxf7+ Nxf7 61. Nxf7 Kxf7 62. Rf2 Ke6 63. f5+ gxf5 64. Kh3 Rg4 65. Re2+ Kf7 66. Rf2 Rxg5 67. Kh4 Kg6 0-1

[Event "Titled Tuesday intern op 25th Jun Early"]
[Site "Chess.com INT"]
[Date "2024.06.25"]
[Round "6"]
[White "Kiseleva, Arina"]
[Black "Yin, Evan"]
[Result "0-1"]
[WhiteElo "1941"]
[BlackElo "2032"]
[PlyCount "52"]
[EventDate "2024.06.25"]
[EventType "swiss (blitz)"]
[EventRounds "11"]
[EventCountry "USA"]
[SourceTitle "EXT 2025"]
[Source "ChessBase"]
[SourceDate "2024.10.14"]
[SourceVersion "1"]
[SourceVersionDate "2024.10.14"]
[SourceQuality "1"]

1. d4 d5 2. Nf3 Nf6 3. e3 e6 4. Bd3 Be7 5. Nbd2 0-0 6. 0-0 c5 7. b3 Nc6 8. Bb2 b6 9. a3 Bb7 10. Ne5 Qc7 11. f4 Rac8 12. Rf3 h6 13. Rh3 Nxe5 14. fxe5 Ne4 15. Rc1 Bg5 16. Qe2 f6 17. exf6 Bxf6 18. Nxe4 dxe4 19. Bc4 Bd5 20. Qg4 Bxc4 21. bxc4 cxd4 22. Qxe6+ Kh8 23. Bxd4 Bxd4 24. exd4 Qf4 25. g3 Qxc1+ 26. Kg2 Qf1# 0-1

[Event "Titled Tuesday intern op 25th Jun Early"]
[Site "Chess.com INT"]
[Date "2024.06.25"]
[Round "5"]
[White "Yin, Evan"]
[Black "Koc, Przemyslaw"]
[Result "0-1"]
[WhiteElo "2032"]
[BlackElo "2346"]
[PlyCount "94"]
[EventDate "2024.06.25"]
[EventType "swiss (blitz)"]
[EventRounds "11"]
[EventCountry "USA"]
[SourceTitle "EXT 2025"]
[Source "ChessBase"]
[SourceDate "2024.10.14"]
[SourceVersion "1"]
[SourceVersionDate "2024.10.14"]
[SourceQuality "1"]

1. e4 e5 2. Nf3 Nf6 3. Nc3 Nc6 4. Bb5 Nd4 5. Bc4 c6 6. 0-0 d5 7. exd5 cxd5 8. Be2 Nxf3+ 9. Bxf3 e4 10. Be2 Bd6 11. d3 0-0 12. dxe4 dxe4 13. Bg5 Bf5 14. Nd5 Bxh2+ 15. Kxh2 Qxd5 16. Bxf6 Qxd1 17. Raxd1 gxf6 18. Rd6 Be6 19. Rfd1 Rfc8 20. c3 Kf8 21. Kg3 Ke7 22. Kf4 f5 23. Bb5 Rc5 24. Bd7 Rd8 25. Bxe6 Rxd6 26. Rxd6 Kxd6 27. Bxf5 e3 28. fxe3 h6 29. Bc2 a5 30. Bb3 f6 31. e4 Rg5 32. g3 Rb5 33. c4 Rh5 34. g4 Rh2 35. Kf5 Rf2+ 36. Kg6 Ke5 37. Kxh6 Rxb2 38. Kg6 Rg2 39. Bd1 Rxa2 40. Bf3 a4 41. Kf7 Rf2 42. Bd1 a3 43. Bb3 a2 44. Bxa2 Rxa2 45. g5 fxg5 46. Kg6 g4 47. Kg5 g3 0-1

[Event "Las Vegas National op"]
[Site "Las Vegas"]
[Date "2024.06.06"]
[Round "1"]
[White "Rorrer, Grayson"]
[Black "Yin, Evan"]
[Result "1/2-1/2"]
[WhiteElo "2409"]
[BlackElo "2032"]
[PlyCount "84"]
[EventDate "2024.06.03"]
[EventType "swiss"]
[EventRounds "9"]
[EventCountry "USA"]
[SourceTitle "CBM 220 Extra"]
[Source "ChessBase"]
[SourceDate "2024.07.31"]
[SourceVersion "1"]
[SourceVersionDate "2024.07.31"]
[SourceQuality "1"]

1. e4 e5 2. Nf3 Nc6 3. Bb5 a6 4. Ba4 Nf6 5. d3 b5 6. Bb3 Be7 7. 0-0 0-0 8. Nc3 d6 9. a3 Bg4 10. Be3 Nd4 11. Bxd4 exd4 12. Nd5 c6 13. Nf4 Nd7 14. h3 Bxf3 15. Qxf3 Bg5 16. Ne2 c5 17. a4 c4 18. Ba2 Ne5 19. Qg3 Bh4 20. Qf4 Bf6 21. Qd2 d5 22. Nxd4 dxe4 23. dxe4 Nc6 24. c3 Nxd4 25. cxd4 Qxd4 26. Qxd4 Bxd4 27. Rab1 Rac8 28. Rfc1 Rfe8 29. Re1 Re5 30. Kf1 b4 31. Rbd1 Bb6 32. Rc1 Rec5 33. b3 c3 34. Rc2 Bd8 35. g3 Bf6 36. Bb1 Rd8 37. Rcc1 g6 38. Bc2 Rd2 39. Re2 Rc8 40. Rd1 Rxd1+ 41. Bxd1 Rd8 42. Bc2 Kf8 1/2-1/2

[Event "Titled Tuesday intern op 04th Jun Early"]
[Site "Chess.com INT"]
[Date "2024.06.04"]
[Round "6"]
[White "Dias, Simao Poscidonio"]
[Black "Yin, Evan"]
[Result "0-1"]
[WhiteElo "2102"]
[BlackElo "2032"]
[PlyCount "78"]
[EventDate "2024.06.04"]
[EventType "swiss (blitz)"]
[EventRounds "11"]
[EventCountry "USA"]
[SourceTitle "EXT 2025"]
[Source "ChessBase"]
[SourceDate "2024.10.14"]
[SourceVersion "1"]
[SourceVersionDate "2024.10.14"]
[SourceQuality "1"]

1. e4 e5 2. Nf3 Nc6 3. Bc4 Nf6 4. d3 Be7 5. c3 0-0 6. Nbd2 d6 7. 0-0 Na5 8. Bb5 a6 9. Ba4 b5 10. Bc2 c5 11. Re1 Nc6 12. Nf1 h6 13. h3 Be6 14. N3h2 d5 15. Qf3 d4 16. Ng4 Rc8 17. Nxf6+ Bxf6 18. Nh2 Bg5 19. Ng4 Qe7 20. a4 Rfd8 21. axb5 axb5 22. Bxg5 Qxg5 23. Qe2 h5 24. Nh2 Bxh3 25. g3 Be6 26. Nf3 Qg6 27. Ra6 Bg4 28. Kg2 Qf6 29. Bd1 Ra8 30. Rxa8 Rxa8 31. Qd2 Ra1 32. Rh1 g6 33. Be2 Rxh1 34. Kxh1 Bxf3+ 35. Kg1 Bxe2 36. Qxe2 b4 37. Qc2 Qf3 38. cxb4 Nxb4 39. Qxc5 Qxf2+ 0-1

[Event "Titled Tuesday intern op 04th Jun Early"]
[Site "Chess.com INT"]
[Date "2024.06.04"]
[Round "9"]
[White "Offermann, Fernando"]
[Black "Yin, Evan"]
[Result "1-0"]
[WhiteElo "2065"]
[BlackElo "2032"]
[PlyCount "63"]
[EventDate "2024.06.04"]
[EventType "swiss (blitz)"]
[EventRounds "11"]
[EventCountry "USA"]
[SourceTitle "EXT 2025"]
[Source "ChessBase"]
[SourceDate "2024.10.14"]
[SourceVersion "1"]
[SourceVersionDate "2024.10.14"]
[SourceQuality "1"]

1. Nf3 d5 2. g3 c5 3. Bg2 Nf6 4. 0-0 e6 5. d3 Be7 6. Nbd2 0-0 7. e4 b6 8. e5 Nfd7 9. Re1 Bb7 10. h4 Nc6 11. Nf1 h6 12. h5 f6 13. exf6 Nxf6 14. Rxe6 Nxh5 15. Ne5 Nxe5 16. Qxh5 Nf7 17. Rg6 Nh8 18. Rxg7+ Kxg7 19. Bxh6+ Kg8 20. Qg4+ Kf7 21. Qf5+ Kg8 22. Bxf8 Bxf8 23. Re1 Bg7 24. Ne3 Qf6 25. Bxd5+ Nf7 26. Qxf6 Bxf6 27. Bxb7 Rb8 28. Bd5 Bxb2 29. Nc4 Bd4 30. Re7 Rf8 31. Nd6 Bf6 32. Rxf7 1-0

[Event "Titled Tuesday intern op 28th May Early"]
[Site "Chess.com INT"]
[Date "2024.05.28"]
[Round "8"]
[White "Strybuk, Artsiom I"]
[Black "Yin, Evan"]
[Result "1-0"]
[WhiteElo "2405"]
[BlackElo "1990"]
[PlyCount "55"]
[EventDate "2024.05.28"]
[EventType "swiss (blitz)"]
[EventRounds "11"]
[EventCountry "USA"]
[SourceTitle "EXT 2025"]
[Source "ChessBase"]
[SourceDate "2024.10.14"]
[SourceVersion "1"]
[SourceVersionDate "2024.10.14"]
[SourceQuality "1"]

1. c4 e6 2. g3 d5 3. Bg2 Nf6 4. Nf3 dxc4 5. Qa4+ Nbd7 6. Qxc4 a6 7. Qc2 Rb8 8. d4 c5 9. Bf4 Ra8 10. dxc5 Bxc5 11. 0-0 0-0 12. Nc3 Qe7 13. Rfd1 e5 14. Bg5 h6 15. Nd5 Qe6 16. Bxf6 gxf6 17. Nc7 Qc6 18. Rac1 Qxc7 19. b4 Bxf2+ 20. Kxf2 Qxc2 21. Rxc2 Re8 22. Rxc8 Raxc8 23. Rxd7 Rc2 24. Nh4 Rxa2 25. Bd5 Rb2 26. Bxf7+ Kf8 27. Ng6+ Kg7 28. Bxe8+ 1-0